=LDR 00000nam 2200000 4500 =001 INLIS000000000017365 =005 20130612112552 =008 ***********************************Ind** =035 ##$$0010-061300000017365 =041 ##$$a Ind =082 ##$$a 612 =090 ##$$a 612, Sya f =100 ##$$a Syafudin =245 ##$$a Fungsi sistem tubuh manusia, oleh Drs. H. Syaifuddin B.Sc =260 ##$$a 2001 $b Jakarta =300 ##$$a xii, 290 hlm, ilus, 24 cm =650 ##$$a Tubuh Manusia =850 ##$$a NBPNMAT